The effect of sensory pool exercises on gait kinematics in spastic diplegic child (رقم التسجيلة. 163913)

تفاصيل مارك
000 -LEADER
fixed length control field 05497nam a2200433Ia 4500
003 - CONTROL NUMBER IDENTIFIER
control field OSt
005 - أخر تعامل مع التسجيلة
control field 20260705151851.0
008 - FIXED-LENGTH DATA ELEMENTS--GENERAL INFORMATION
fixed length control field 2310s2022 ua a frm 000 engnd d
040 ## - CATALOGING SOURCE
Original cataloguing agency EG-EULC
Language of cataloging eng
Transcribing agency EG-EULC
Modifying agency EG-EULC
Description conventions rda
041 0# - LANGUAGE CODE
Language code of text/sound track or separate title eng
Language code of summary or abstract eng
-- ara
049 ## - Acquisition Source
Acquisition Source Deposit
082 ## - DEWEY DECIMAL CLASSIFICATION NUMBER
Classification number 610
092 ## - LOCALLY ASSIGNED DEWEY CALL NUMBER (OCLC)
Classification number 610
Edition number 21
097 ## - Degree
Degree Ph.D
099 ## - LOCAL FREE-TEXT CALL NUMBER (OCLC)
Local Call Number Cai01.21.06.Ph.D.2022.Em.E
100 ## - MAIN ENTRY--PERSONAL NAME
Authority record control number or standard number Eman Shawky Abdaloneam Ismeal,
Preparation preparation.
245 #4 - TITLE STATEMENT
Title The effect of sensory pool exercises on gait kinematics in spastic diplegic child
Statement of responsibility, etc. by Eman Shawky Abdaloneam Ismeal ; Supervised Prof.Dr.Kamal Elsayed Shoukry, Prof.Dr.Hassan Magdy Elbarbary, Prof.Dr.Nanees Essam Mohamed
246 ## - VARYING FORM OF TITLE
Title proper/short title تأثير التدريبات الحسية في حوض العلاج المائي على المتغيرات الكينيماتيكية في حالات الشللالدماغي التقلصي
264 #0 - PRODUCTION, PUBLICATION, DISTRIBUTION, MANUFACTURE, AND COPYRIGHT NOTICE
Date of production, publication, distribution, manufacture, or copyright notice 2022.
300 ## - PHYSICAL DESCRIPTION
Extent 126 p. :
Other physical details illustrations ;
Dimensions 25cm+
Accompanying material CD
336 ## - CONTENT TYPE
Source rda content
Content type term text
337 ## - MEDIA TYPE
Source rdamedia
Media type term Unmediated
338 ## - CARRIER TYPE
Source rdacarrier
Carrier type term volume
502 ## - DISSERTATION NOTE
Dissertation note Thesis (M.Sc.)-Cairo University- Faculty of Physical Therapy - Department of Physical Therapy for Pediatrics
504 ## - BIBLIOGRAPHY, ETC. NOTE
Bibliography, etc. note Bibliography: p. 101-112.
520 #3 - SUMMARY, ETC.
Summary, etc. Background: The goal of most therapy procedures for children with spastic cerebral palsy is to increase their walking abilities. Locomotor training in a sensory pool has been recommended for the rehabilitation of children with cerebral palsy in an effort to improve walking independence and gait speed.<br/>Purpose: To determine if gait training in a sensory pool has any influence on gait kinematics in children with spastic diplegic cerebral palsy.<br/>Methodology: Thirty spastic diplegic children of both sexes (13 girls and 17 boys) varying ages from 4 to 7 years were involved in this study. They were split into 2 groups: study and control. The control group got a regular therapeutic exercise routine based on the Pragmatic method, while the study group got the same routine program as the control group as well as 30 minutes of underwater gait training in specially designed sensory pool. Two-dimensional (2D) gait analysis was used to evaluate kinematic gait features before and after three months of effective therapy.<br/>Results: The results of this study revealed statistical significant differences in spatial and temporal gait parameters (step length, step width, swing time and cadence) of study and control groups in favor of the study group.<br/>Conclusion: In addition to the designed techniques of treatment, underwater gait training in a sensory pool could be applied to help children with spastic diplegia improve their walking patterns.
520 #3 - SUMMARY, ETC.
Summary, etc. الخلفية: الهدف من معظم الإجراءات العلاجية للأطفال المصابين بالشلل الدماغي التشنجي هو زيادة قدراتهم على المشي. يوصى بالتدريب الحركي في حمام السباحة الحسي لإعادة تأهيل الأطفال المصابين بالشلل الدماغي في محاولة لتحسين استقلالية المشي وسرعة المشي. الغرض: تحديد ما إذا كان للتدريب على المشي في بركة حسية أي تأثير على حركية المشي عند الأطفال المصابين بالشلل الدماغي التشنجي المزدوج. المنهجية: شارك في هذه الدراسة ثلاثون طفلاً مصابًا بشلل تشنجي مزدوج (13 فتاة و 17 ذكرًا) تتراوح أعمارهم من 4 إلى 7 سنوات. تم تقسيمهم إلى مجموعتين: دراسة وضابطة. حصلت المجموعة الضابطة على تمرين علاجي روتيني منتظم على أساس الطريقة البراغماتية ، بينما حصلت مجموعة الدراسة على نفس البرنامج الروتيني مثل المجموعة الضابطة بالإضافة إلى 30 دقيقة من التدريب على المشي تحت الماء في البركة الحسية. تم استخدام تحليل المشية ثنائي الأبعاد (2D) للتحقيق في ميزات المشية الحركية قبل وبعد ثلاثة أشهر من العلاج الفعال. النتائج: عند مقارنة الفعالية العلاجية قبل وبعد العلاج للمجموعتين ، أظهرت كلتا المجموعتين تحسنًا ملحوظًا بعد العلاج لصالح مجموعة الدراسة. الاستنتاجات: بالإضافة إلى تقنيات العلاج المصممة ، يمكن تطبيق التدريب على المشي تحت الماء في بركة حسية لمساعدة الأطفال الذين يعانون من شلل نصفي تشنجي على تحسين أنماط المشي لديهم.
530 ## - ADDITIONAL PHYSICAL FORM AVAILABLE NOTE
Issues CD Issues also as CD.
546 ## - LANGUAGE NOTE
Text Language Text in English and abstract in Arabic & English.
650 ## - SUBJECT ADDED ENTRY--TOPICAL TERM
Topical term or geographic name entry element Physical Therapy for Pediatrics
653 ## - INDEX TERM--UNCONTROLLED
Uncontrolled term Spastic diplegia
700 ## - ADDED ENTRY--PERSONAL NAME
Personal name Kamal Elsayed Shoukry
Relator term thesis advisor.
700 ## - ADDED ENTRY--PERSONAL NAME
Personal name Hassan Magdy Elbarbary
Relator term thesis advisor.
700 ## - ADDED ENTRY--PERSONAL NAME
Personal name Nanees Essam Mohamed
Relator term thesis advisor.
900 ## - Thesis Information
Grant date 01-01-2022
Supervisory body Kamal Elsayed Shoukry
-- Hassan Magdy Elbarbary
-- Nanees Essam Mohamed
Universities Cairo University
Faculties Faculty of Physical Therapy
Department Department of Physical Therapy for Pediatrics
905 ## - Cataloger and Reviser Names
Cataloger Name Shimaa
942 ## - ADDED ENTRY ELEMENTS (KOHA)
Koha item type Thesis
Source of classification or shelving scheme Dewey Decimal Classification
المقتنيات
Source of classification or shelving scheme Home library Current library Date acquired Inventory number Full call number Barcode Date last seen Effective from Koha item type
Dewey Decimal Classification المكتبة المركزبة الجديدة - جامعة القاهرة قاعة الرسائل الجامعية - الدور الاول 11.02.2024 85993 Cai01.21.06.Ph.D.2022.Em.E 01010110085993000 30.10.2023 30.10.2023 Thesis
Cairo University Libraries Portal Implemented & Customized by: Eng. M. Mohamady Contacts: new-lib@cl.cu.edu.eg | cnul@cl.cu.edu.eg
CUCL logo CNUL logo
© All rights reserved — Cairo University Libraries
CUCL logo
Implemented & Customized by: Eng. M. Mohamady Contact: new-lib@cl.cu.edu.eg © All rights reserved — New Central Library
CNUL logo
Implemented & Customized by: Eng. M. Mohamady Contact: cnul@cl.cu.edu.eg © All rights reserved — Cairo National University Library